| 000 | 00000cas 2200000zi 4500 |
| 001 | 9.885608 |
| 003 | CaOODSP |
| 005 | 20260316111923 |
| 006 | m o d f |
| 007 | cr cn||||||||| |
| 008 | 200313c20199999oncar p o f0###a0eng|d |
| 022 | |a2818-1484 |
| 040 | |aCaOODSP|beng|erda|cCaOODSP |
| 043 | |an-cn--- |
| 086 | 1 |aCP100-4E-PDF |
| 110 | 2 |aNational Security and Intelligence Committee of Parliamentarians (Canada)|eauthor, |eissuing body. |
| 222 | 0|aFuture-oriented statement of operations for the years ending ... |b(Secretariat of the National Security and Intelligence Committee of Parliamentarians (Canada)) |
| 245 | 10|aFuture-oriented statement of operations for the years ending ... |
| 264 | 1|a[Ottawa] : |bSecretariat of the National Security and Intelligence Committee of Parliamentarians, |c[2018]- |
| 310 | |aAnnual |
| 336 | |atext|btxt|2rdacontent |
| 337 | |acomputer|bc|2rdamedia |
| 338 | |aonline resource|bcr|2rdacarrier |
| 362 | 1 |aBegan with: March 31, 2018 and March 31, 2019. |
| 500 | |aIssued also in French under title: État des résultats prospectif pour les exercises se terminant le … |
| 588 | |aDescription based on: March 31, 2018 and March 31, 2019. |
| 588 | |aLatest issue consulted: March 31, 2023 and March 31, 2024. |
| 610 | 20|aNational Security and Intelligence Committee of Parliamentarians (Canada) |xAppropriations and expenditures|vPeriodicals. |
| 650 | 0|aFinance, Public|zCanada|xForecasting|vPeriodicals. |
| 655 | 7|aPeriodicals|2lcgft |
| 775 | 08|tÉtat des résultats prospectif pour les exercises se terminant le ...|w(CaOODSP)9.885609 |